000 00588cam a22002053a 4500
001 40792
003 PGUSA
005 20140828083918.0
008 120919s2012||||xxu|||||s|||||000 | eng d
040 _aPGUSA
_beng
042 _adc
100 1 _aFox, Edward Lyell,
_d1887-
245 1 0 _aBehind the Scenes in Warring Germany
_h[electronic resource] /
_cEdward Lyell Fox
260 _bProject Gutenberg,
_c2012
506 _aPublic domain in the USA.
516 _aElectronic text
830 0 _aProject Gutenberg
_v40792
856 4 0 _uhttp://www.gutenberg.org/ebooks/40792
942 _cEB
999 _c270044
_d270044